Enough is enough : (Record no. 5846)
[ view plain ]
| 000 -LEADER | |
|---|---|
| fixed length control field | 00803cam a2200265Ia 4500 |
| 001 - CONTROL NUMBER | |
| control field | 37453096 |
| 003 - CONTROL NUMBER IDENTIFIER | |
| control field | OCoLC |
| 005 - DATE AND TIME OF LATEST TRANSACTION | |
| control field | 20190110122213.0 |
| 008 - FIXED-LENGTH DATA ELEMENTS--GENERAL INFORMATION | |
| fixed length control field | 970812s1996 paua b 000 0 eng d |
| 020 ## - INTERNATIONAL STANDARD BOOK NUMBER | |
| International Standard Book Number | 0883684659 |
| 020 ## - INTERNATIONAL STANDARD BOOK NUMBER | |
| International Standard Book Number | 9780883684658 |
| 035 ## - SYSTEM CONTROL NUMBER | |
| System control number | (OCoLC)37453096 |
| 040 ## - CATALOGING SOURCE | |
| Original cataloging agency | NBO |
| Transcribing agency | NBO |
| Modifying agency | OCLCQ |
| -- | CIRBC |
| 050 #4 - LIBRARY OF CONGRESS CALL NUMBER | |
| Classification number | BR115.P7 |
| Item number | S23 |
| 082 ## - DEWEY DECIMAL CLASSIFICATION NUMBER | |
| Classification number | 261.7 |
| Item number | S285E |
| 092 ## - LOCALLY ASSIGNED DEWEY CALL NUMBER (OCLC) | |
| Classification number | 261.7 |
| Item number | S8255 |
| 100 1# - MAIN ENTRY--PERSONAL NAME | |
| Personal name | Scarborough, Rick. |
| 245 10 - TITLE STATEMENT | |
| Title | Enough is enough : |
| Remainder of title | a call to Christian involvement / |
| Statement of responsibility, etc. | Rick Scarborough. |
| 260 ## - PUBLICATION, DISTRIBUTION, ETC. | |
| Place of publication, distribution, etc. | Lynchburg, VA : |
| Name of publisher, distributor, etc. | Liberty House Publishers, |
| Date of publication, distribution, etc. | 1996. |
| 300 ## - PHYSICAL DESCRIPTION | |
| Extent | 252 p. : |
| Other physical details | ill. ; |
| Dimensions | 24 cm. |
| 504 ## - BIBLIOGRAPHY, ETC. NOTE | |
| Bibliography, etc. note | Includes bibliographical references (p. 245-248). |
| 650 #0 - SUBJECT ADDED ENTRY--TOPICAL TERM | |
| Topical term or geographic name entry element | Conservatism |
| General subdivision | Religious aspects. |
| 650 #0 - SUBJECT ADDED ENTRY--TOPICAL TERM | |
| Topical term or geographic name entry element | Christianity and politics. |
| 942 ## - ADDED ENTRY ELEMENTS (KOHA) | |
| Source of classification or shelving scheme | Dewey Decimal Classification |
| Koha item type | Books |
| Withdrawn status | Lost status | Source of classification or shelving scheme | Damaged status | Not for loan | Collection code | Home library | Current library | Shelving location | Date acquired | Cost, normal purchase price | Total Checkouts | Full call number | Barcode | Date last seen | Price effective from | Koha item type |
|---|---|---|---|---|---|---|---|---|---|---|---|---|---|---|---|---|
| Dewey Decimal Classification | Non-fiction | Harvest Mission College | Harvest Mission College | General Stacks | 10.01.2019 | 1200.00 | 261.7 S285E | 006595 | 10.01.2019 | 10.01.2019 | Books | |||||
| Dewey Decimal Classification | Non-fiction | Harvest Mission College | Harvest Mission College | General Stacks | 10.04.2026 | 261.7 S285E | 013333 | 10.04.2026 | 10.04.2026 | Books |
